000 00445nam a2200181Ia 4500
001 2098
005 20260306143817.0
008 260306t2008||||xx |||||||||||||| ||spa||
041 _aESP
082 _a612.8
_bM15
100 _aMaestú Unturbe, Fernando
_eAUT
245 0 _aNeuroimagen:
_btécnicas y procesos cognitivos
260 _c2008
300 _a546 páginas :
_c27 cm.
650 _aGEN
654 _aCPS
942 _cLIB
_dJUS
_fJUS
_2ddc
_n
999 _c2098
_d2098